000 00633nam a2200229Ia 4500
003 OSt
005 20221006161013.0
006 a|||||r|||| 00| 0
007 ta
008 221006b |||||||| |||| 00| 0 eng d
020 _a0804743355
024 _a47,092
037 _cTextual
040 _aEASL
_cEASL
_beng
041 _2eng
_aeng
100 _aSTRICKMANN Michel Ed.
_9675679
245 0 _aChinese poetry and prophecy
_b The written oracle in East Asia
260 _aCalifornia
_bStanford University Press
_c2005
300 _a218p.
_ccm.
942 _cTEXL
_2CC
999 _c1115181
_d1115181